000 00290nam a22001337a 4500
008 170526b xxu||||| |||| 00| 0 eng d
020 _a9780070921184
041 _aeng
080 _23RD
_a621
100 _a27
101 _aIM
245 _aBASIC BIOMECHANICS
_cHALL,S.J
942 _2udc
_cBK
999 _c14508
_d14508